| 000 | 00666nam a2200241 i 4500 | ||
|---|---|---|---|
| 001 | bg | ||
| 245 | 0 | 0 |
_aInside Macromedia Director 6 with Lingo / _cLee Allis [et al.]. |
| 260 |
_aIndianapolis : _bNew Riders, _c1997. |
||
| 300 |
_aXXII, 976 s. : _bfot., rys. ; _c23 cm + _eCD. |
||
| 504 | _aIndeks. | ||
| 630 | 0 | 9 | _aLingo (język programowania) |
| 630 | 0 | 9 | _aDirector 6 |
| 650 | 9 | _aMultimedia | |
| 655 | _aPodręczniki | ||
| 700 | 1 |
_aALLIS, Lee _d(1969- ). |
|
| 020 | _a1562057286 | ||
| 040 | _cBPK | ||
| 041 | 0 | _aen | |
| 080 | _a004.032.6:004.42:004.438A/Z](07) | ||
| 920 | _a1-56205-728-6 | ||
| 942 | _cKS | ||
| 008 | s pl f |000 0 pol | ||
| 999 |
_c33101 _d33101 |
||
| 856 |
_uhttp://koha.tu.koszalin.pl/cgi-bin/koha/opac-detail.pl?biblionumber=33101 _yKatalog online BPK |
||